[Event "ESP-chT CECLUB Div2"]
[Site "Linares"]
[Date "2020.08.28"]
[Round "6.5"]
[White "Garcia Gomez, Jose Manuel"]
[Black "Fernandez Cantalapiedra, Isabel"]
[Result "0-1"]
[WhiteElo "1754"]
[BlackElo "1775"]
[PlyCount "105"]
[EventDate "2020.08.24"]
[EventType "team-tourn"]
[EventRounds "6"]
[EventCountry "ESP"]
[SourceTitle "CBM 198 Extra"]
[Source "ChessBase"]
[SourceDate "2020.11.30"]
[SourceVersion "1"]
[SourceVersionDate "2020.11.30"]
[SourceQuality "1"]
[WhiteTeam "Pena Barcelonista de Melilla"]
[BlackTeam "Salcedo CC"]
[WhiteTeamCountry "ESP"]
[BlackTeamCountry "ESP"]

1. Nf3 d5 2. g3 Nf6 3. Bg2 Bf5 4. d4 h6 5. 0-0 e6 6. Nbd2 Be7 7. c4 0-0 8. c5 b6 9. b4 a5 10. bxa5 bxc5 11. dxc5 Bxc5 12. Nb3 Be7 13. Qd4 c5 14. Nxc5 Nc6 15. Qc3 Nxa5 16. Nd4 Bg6 17. Ncb3 Nc4 18. Nc6 Qd7 19. Nxe7+ Qxe7 20. Nd2 Nxd2 21. Bxd2 Rfc8 22. Qe3 Ra3 23. Qb6 Qa7 24. Qxa7 Rxa7 25. a3 Rc2 26. Rfd1 Rb2 27. e3 Bc2 28. Rdc1 Bd3 29. Bc3 Rb3 30. a4 Ne8 31. a5 Nd6 32. Bd4 Ra6 33. Rc5 Nb7 34. Rc8+ Kh7 35. Bc3 Rb5 36. Rc7 Kg6 37. h4 h5 38. Bf1 Bxf1 39. Kxf1 Nd6 40. Ra4 Rb1+ 41. Kg2 Nc4 42. Bd4 Rc1 43. Rb7 Rxa5 44. Rxa5 Nxa5 45. Rb5 Nc4 46. Rc5 Rc2 47. Rb5 e5 48. Ba7 Ra2 49. Bb8 Nxe3+ 50. Kf3 Ng4 51. Kg2 Rxf2+ 52. Kg1 Rd2 53. Kf1 0-1

[Event "ESP-chT CECLUB Div2"]
[Site "Linares"]
[Date "2019.08.19"]
[Round "1.2"]
[White "Fernandez Cantalapiedra, Isabel"]
[Black "Soham, Das1111"]
[Result "0-1"]
[WhiteElo "1703"]
[BlackElo "2339"]
[PlyCount "94"]
[EventDate "2019.08.19"]
[EventType "team-swiss"]
[EventRounds "7"]
[EventCountry "ESP"]
[SourceTitle "EXT 2020"]
[Source "ChessBase"]
[SourceDate "2019.10.17"]
[SourceVersion "1"]
[SourceVersionDate "2019.10.17"]
[SourceQuality "1"]
[WhiteTeam "Salcedo CC"]
[BlackTeam "Villalba 64"]
[WhiteTeamCountry "ESP"]
[BlackTeamCountry "ESP"]

1. d4 f5 2. Nf3 Nf6 3. Bf4 d6 4. h3 h6 5. e3 g5 6. Bh2 Bg7 7. Be2 e6 8. c4 Qe7 9. Nc3 Nc6 10. 0-0 0-0 11. Nd2 Bd7 12. Rb1 a5 13. Nb5 Rac8 14. Rc1 e5 15. Re1 Kh8 16. Qb3 b6 17. Bf3 Qe8 18. Qa3 Nb4 19. Bb7 Rb8 20. Bf3 e4 21. Be2 Rc8 22. Na7 Rb8 23. Nb5 Rb7 24. Qb3 Qe7 25. a3 Nc6 26. Qa2 Ra8 27. Nb1 Nd8 28. N1c3 Qe8 29. a4 Nc6 30. c5 Nb4 31. Qb3 Be6 32. Qd1 bxc5 33. dxc5 Rd8 34. cxd6 cxd6 35. Nxd6 Qe7 36. Ncb5 Rbd7 37. Qd2 Ne8 38. Red1 f4 39. exf4 Nxd6 40. Nxd6 Rxd6 41. Qe1 Rxd1 42. Rxd1 Bxb2 43. fxg5 hxg5 44. Bb5 Bf5 45. Qe2 Rxd1+ 46. Qxd1 Nd3 47. Qd2 Qb4 0-1

[Event "Cantabria-ch U18 Girls 1213"]
[Site "Muriedas"]
[Date "2012.12.27"]
[Round "2.1"]
[White "Fernandez Cantalapiedra, Isabel"]
[Black "Calvo Fernandez, Isabel"]
[Result "1-0"]
[WhiteElo "1580"]
[BlackElo "1501"]
[PlyCount "56"]
[EventDate "2012.12.26"]
[EventType "swiss"]
[EventRounds "4"]
[EventCountry "ESP"]
[SourceTitle "EXT 2024"]
[Source "ChessBase"]
[SourceDate "2023.10.10"]
[SourceVersion "1"]
[SourceVersionDate "2023.10.10"]
[SourceQuality "1"]

1. d4 d5 2. Nf3 e6 3. Bf4 c5 4. c4 Nc6 5. e3 Qb6 6. Qd2 Nf6 7. Nc3 cxd4 8. exd4 Bb4 9. c5 Qa5 10. Bd3 0-0 11. 0-0 Ne4 12. Bxe4 dxe4 13. Ng5 Rd8 14. Bd6 f5 15. f3 b6 16. a3 Bxc3 17. Qxc3 Qxc3 18. bxc3 Ba6 19. Nxe6 Bxf1 20. Nxd8 Bb5 21. Ne6 a6 22. Nc7 Rd8 23. Nxb5 axb5 24. Rb1 bxc5 25. Bxc5 Rb8 26. fxe4 fxe4 27. d5 Na5 28. a4 Nc4 1-0